000 00304nam a2200145Ia 4500
100 _aBhastana/C.T
650 _aChemistry
942 _cBK
654 _aChemistry
245 _aIntermediate Chemistry
260 _bS.Chand & co
_aNewDelhi
_c1972
082 _a540
300 _a409
546 _aENGLISH
999 _c29445
_d29445